25 anys del Parc del Garraf : balanç i expectatives de gestió (1987-2012) balanç i expectatives de gestió (1987-2012)
Publicado:
Barcelona :
Diputació de Barcelona. Àrea de Territori i Sostenibilitat. Gerència de Serveis d'Espais Naturals ,
2012
Descripción Física:
1 f. plegat en 3 parts ; 20 cm
Colección:
Activitats culturals
MARC
| LEADER | 00000nam a2200000Ia 4500 | ||
|---|---|---|---|
| 001 | 23749 | ||
| 008 | 160829s2012 xx 000 0 cat d | ||
| 080 | |a FU-62-36 | ||
| 245 | |a 25 anys del Parc del Garraf : |b balanç i expectatives de gestió (1987-2012) | ||
| 260 | |a Barcelona : |b Diputació de Barcelona. Àrea de Territori i Sostenibilitat. Gerència de Serveis d'Espais Naturals, |c 2012 | ||
| 300 | |a 1 f. plegat en 3 parts ; |c 20 cm | ||
| 490 | |a Activitats culturals | ||
| 650 | |a Parc del Garraf (Catalunya) |x Congressos |9 49300 | ||
| 710 | 1 | |a Barcelona (Catalunya : Província). |b Gerència de Serveis d’Espais Naturals |9 52730 | |
| 710 | 1 | |a Vilanova i la Geltrú (Catalunya). |b Ajuntament |9 51423 | |
| 710 | 1 | |a Gavà (Catalunya). |b Ajuntament |9 54398 | |
| 901 | |a Arxiu | ||
| 942 | |n 1 | ||
| 952 | |0 0 |1 0 |4 0 |6 FU6236 |7 1 |9 55257 |a Arxiu |b Arxiu |d 2016-12-01 |l 0 |o FU-62-36 |p 23749 |r 2016-12-01 00:00:00 |w 2016-12-01 |y ARXIU | ||
| 999 | |c 59130 |d 59130 | ||